¿Qué pueden ofrecer las tradiciones religiosas a las sociedades del siglo XXI? / (Record no. 179629)

MARC details
000 -LEADER
campo de control de longitud fija 00986nam a2200253 i 4500
001 - NÚMERO DE CONTROL
campo de control 179629
003 - IDENTIFICADOR DE NÚMERO DE CONTROL
campo de control ES-MaACL
005 - FECHA Y HORA DE LA ÚLTIMA TRANSACCIÓN
campo de control 20250728113543.0
008 - DATOS DE LONGITUD FIJA--INFORMACIÓN GENERAL
campo de control de longitud fija 111227s2005 sp | |||| ||spa d
080 ## - NÚMERO DE LA CLASIFICACIÓN DECIMAL UNIVERSAL
Número de la Clasificación Decimal Universal 248(4)(063)
111 2# - ENTRADA PRINCIPAL--NOMBRE DE CONGRESO/REUNIÓN
Nombre de congreso/reunión o jurisdicción como elemento de entrada Encuentro en Can Bordoi (
Número del congreso/reunión o número de parte o sección 2º.
Fecha del congreso o de la firma del tratado 2005.
Sede del congreso/Lugar de la reunión Llinars del Vallès)
9 (RLIN) 154941
245 11 - MENCIÓN DEL TÍTULO
Título ¿Qué pueden ofrecer las tradiciones religiosas a las sociedades del siglo XXI? /
Mención de responsabilidad, etc. Encuentros en Can Bordoi, Segundo Encuentro, 28 de junio-2 de julio 2005.
250 ## - MENCION DE EDICION
Mención de edición 1ª ed.
260 ## - PUBLICACIÓN, DISTRIBUCIÓN, ETC.
Lugar de publicación, distribución, etc. Barcelona :
Nombre del editor, distribuidor, etc. CETR,
Fecha de publicación, distribución, etc. 2005.
300 ## - DESCRIPCIÓN FÍSICA
Extensión 310 p. ;
Dimensiones 20 cm.
490 1# - MENCIÓN DE SERIE
Mención de serie Encuentros en Can Bordoi ;
Designación de volumen o secuencia 2
504 ## - NOTA DE BIBLIOGRAFÍA, ETC.
Nota de bibliografía, etc. Referencias bibliográficas.
650 #7 - PUNTO DE ACCESO ADICIONAL DE MATERIA--TÉRMINO DE MATERIA
Término de materia o nombre geográfico como elemento de entrada Religiones-
Subdivisión de forma Congresos y asambleas
Fuente del encabezamiento o término
9 (RLIN) 154942
710 2# - ENTRADA AGREGADA--NOMBRE DE ENTIDAD CORPORATIVA
Nombre de entidad corporativa o nombre de jurisdicción como elemento de entrada Centro de Estudio de las Tradiciones Religiosas.
9 (RLIN) 154936
830 0# - PUNTO DE ACCESO ADICIONAL DE SERIE-TÍTULO UNIFORME
Título uniforme Encuentros en Can Bordoi ;
Designación de volumen o secuencia 2
9 (RLIN) 186780
852 ## - LOCALIZACIÓN
Ubicación ES-MaACL
Número de control de estantería A-11772
itemnumber 186526
Sublocalización o colección R.146050
Ubicación en estantería Depósito 1
Signatura antigua Olim: N-4777
942 ## - ELEMENTOS DE ENTRADA SECUNDARIOS (KOHA)
Fuente del sistema de clasificación o colocación Clasificación decimal universal
Tipo de ítem Koha Libro impreso
Holdings
Estatus retirado Estado de pérdida Fuente del sistema de clasificación o colocación Estado de daño No para préstamo Biblioteca de origen Biblioteca actual Ubicación en estantería Fecha de adquisición Fuente de adquisición Total de préstamos Signatura topográfica completa Código de barras Visto por última vez Precio de reemplazo Tipo de ítem Koha
    Clasificación decimal universal     Biblioteca del Ateneo de Madrid Biblioteca del Ateneo de Madrid Depósito 1 27/12/2011 Donación   A-11772 1188704 23/02/2023 23/02/2023 Libro impreso